000 00684nam a2200229Ia 4500
005 20260429112021.0
008 260429s9999||||xx |||||||||||||| ||und||
020 _a9781032643045
041 _aEnglish
082 _a341.485
_bPAI
100 _aPaige, Tamsin Phillipa
245 0 _aQueer encounters with international law :
_blives, communities, subjectivities /
_cTamsin Phillipa Paige
250 _a1st ed.
260 _aNew York :
_bRoutledge,
_c2025.
300 _axvi, 288 p.; hb
440 _aFeminist and Queer International Law
650 _a LGBTQ rights
650 _a Queer theory
650 _aInternational law
700 _a O'Hara, Claerwen
942 _cTB
999 _c51906
_d51906